000 01481cam a2200373 a 4500
001 15244263
005 20091120100209.0
008 080402s2008 enk | b 001 0 eng d
010 _a 2008015071
015 _aGBA804091
_2bnb
016 7 _a014487313
_2Uk
020 _a9780230203693 (alk. paper)
020 _a0230203698 (alk. paper)
020 _a9780230203709 (pbk.)
020 _a0230203701 (pbk.)
035 _a(OCoLC)221960893
_z(OCoLC)181600987
_z(OCoLC)190777069
035 _a(OCoLC)ocn221960893
040 _aDLC
_cDLC
_dDLC
050 0 0 _aJZ1310
_b.G55 2008
082 0 0 _a327.101
_222
_bGIL
100 1 _aGill, Stephen,
_d1950-
_912684
245 1 0 _aPower and Resistance in the New World Order /
_cStephen Gill.
250 _a2nd ed.,
_bFully revised and updated.
260 _aBasingstoke [England] :
_bPalgrave Macmillan,
_cc2008.
300 _axxvi, 288 p. ;
_c23 cm.
504 _aIncludes bibliographical references and index.
650 0 _aInternational relations.
_912685
650 0 _aBalance of power.
_912686
650 0 _aEconomics.
_912687
856 4 1 _3Table of contents only
_uhttp://www.loc.gov/catdir/toc/fy1002/2008015071.html
942 _2ddc
_cBB
999 _c13682
_d13682